| 000 | 00947nam a2200313 a 4500 | ||
|---|---|---|---|
| 999 |
_c200458830 _d77042 |
||
| 003 | TR-AnTOB | ||
| 005 | 20231115144730.0 | ||
| 007 | ta | ||
| 008 | 221227s2022 tu a r2 000 0 tur d266tur u | ||
| 020 | _a9786051379432 | ||
| 040 |
_aKARATAY _beng _erda _cKARATAY _dTR-AnTOB |
||
| 041 | 0 | _atur | |
| 044 | _ctu | ||
| 049 | _aKARATAY | ||
| 050 | 0 | 0 |
_aTX298 _b.D39 2022 |
| 090 | 0 | 0 |
_aTX298 _b.D39 2022 |
| 110 | 2 |
_aTürkiye Odalar ve Borsalar Birliği _918 |
|
| 245 | 1 | 0 | _aDayanıklı tüketim malları sektör raporu 2020-2021. |
| 264 | 1 |
_aAnkara : _bTürkiye Odalar ve Borsalar Birliği, _c2022. |
|
| 300 |
_av, 31 pages : _bgraphics ; _c25 cm |
||
| 336 |
_btxt _2rdacontent |
||
| 337 |
_bn _2rdamedia |
||
| 338 |
_bnc _2rdacarrier |
||
| 490 | 1 |
_aTOBB Yayın no ; _v2022/16 |
|
| 650 | 7 |
_aEv aletleri _2etuturkob _978198 |
|
| 650 | 0 |
_aEv ekonomisi _v Ekipman ve Sarf Malzemeleri _9126221 |
|
| 942 |
_2lcc _cBK |
||